000 00491 a2200169 4500
999 _c7902
_d7902
010 _aENG-88245
020 _a8120332027
_c295.00
035 _aEN-71778
037 _bDBAD / PUB
082 1 4 _a620.112
100 1 _aJayram, M. A.
245 1 _aMechanics of materials:
_cby M. A. Jayaram
_bwith programs in C/
260 _aNew Delhi
_bPrintice Hall of India
_c2007
300 _axii, 396 p.
_c24cm (Pbk)
500 _aIncludes index
942 _adpl
_cEN
_2ddc
_h620.112
_mJAY